| 000 | 00626nam a22001697a 4500 | ||
|---|---|---|---|
| 003 | IT-RoPau | ||
| 005 | 20220918175943.0 | ||
| 008 | 130222b xxu||||| |||| 00| 0 eng d | ||
| 040 | _cIT-RoPau | ||
| 245 | _aConstitutiones, Pia Societas a Sancto Paulo Apostolo | ||
| 250 | _a1° ed. | ||
| 260 |
_aAlba _bPSSP _c1927 |
||
| 300 |
_a75 pp. _c22 cm |
||
| 490 |
_aI _vI |
||
| 520 | _aIndex generalis Pars prima De fine et membris Piae Societatis a Sancto Paulo Apostolo Part secunda De vita et operibus in Pia Societate a Sancto Paulo Apostolo Part tertia De regimine Piae Socetatis a Sancto Paulo Apostolo | ||
| 942 |
_2ddc _cBK |
||
| 999 |
_c38142 _d38142 |
||